| 000 | 00502nam a2200169Ia 4500 | ||
|---|---|---|---|
| 008 | 140316s9999 xx 000 0 und d | ||
| 020 | _a0 444 51079 6 | ||
| 082 |
_a338.1 _bGAR/HA |
||
| 100 | _a | ||
| 245 | _aHandbook of Agricultural Economics: Volume 2 B Agricultural and food Policy | ||
| 260 |
_aNorth Holland _bElsevier _c2001 |
||
| 300 | _aI-42 | ||
| 650 | _aMarketing, Distribution and consumers | ||
| 650 | _aAgricultural production | ||
| 700 | _aGardner,Bruce.L et al. | ||
| 942 |
_2ddc _cREF |
||
| 999 |
_c20813 _d20813 |
||